LIBRARY & INFORMATION CENTRE, KCAET, TAVANUR

ONLINE PUBLIC ACCESS CATALOGUE (OPAC)

Sahayatha vivaran (Record no. 12740)

MARC details
000 -LEADER
fixed length control field 00677cam a2200193ua 4500
041 ## - LANGUAGE CODE
Language code of text/sound track or separate title hin
082 ## - DEWEY DECIMAL CLASSIFICATION NUMBER
Classification number 891.43
Item number KHA/SA
245 ## - TITLE STATEMENT
Title Sahayatha vivaran
250 ## - EDITION STATEMENT
Edition statement 1 /
260 ## - PUBLICATION, DISTRIBUTION, ETC. (IMPRINT)
Place of publication Bombay :
Name of publisher Khadi and gramodyog commission ,
Year of publication 1965.
300 ## - PHYSICAL DESCRIPTION
Number of Pages 163 ; .
942 ## - ADDED ENTRY ELEMENTS (KOHA)
Koha item type Books
Holdings
Withdrawn status Lost status Damaged status Home library Current library Date acquired Full call number Accession Number Koha item type Public note
Withdrawn     KAUAET KAUAET 07/04/2012 891.43 8589 Books  
Withdrawn     KAUAET Malayalam University 07/04/2012 891.43 8588 Books Transferred to Malayalam University
free website counter